Calciatori spagnoli nella Squadra dell'anno UEFA - Statistics

Statistiche generali
  • Questo quiz è stato fatto 17 volte
  • Il punteggio medio è 9 su 12
Statistiche sulle risposte
Numero apparizioni Edizioni apparizioni Squadra Calciatore % Corretto
6 2009; 2010; 2011; 2012; 2015; 2016 Barcellona Andrés Iniesta
100%
6 2007; 2008; 2009; 2010; 2011; 2012 Real Madrid Iker Casillas
100%
9 2008; 2012; 2013; 2014; 2015; 2016; 2017; 2018; 2020 Real Madrid Sergio Ramos
100%
5 2008; 2009; 2010; 2011; 2012 Barcellona Xavi
100%
6 2002; 2005; 2006; 2008; 2009; 2010 Barcellona Carles Puyol
92%
5 2010; 2011; 2012; 2015; 2016 Barcellona Gerard Piqué
92%
1 2008 Liverpool Fernando Torres
85%
1 2020 Bayern Monaco / Liverpool Thiago Alcántara
85%
1 2010 Valencia / Barcellona David Villa
77%
2 2006; 2008 Arsenal Cesc Fàbregas
62%
1 2001 Valencia Santiago Cañizares
23%
1 2005 Liverpool Luis García
15%
Nessun quiz corrispondente trovato
Distribuzione punteggi
Percentuale di utenti per punteggio
Percentile per numero di risposta
I tuoi punteggi nel tempo
Non hai fatto questo quiz